Etats américains en mort subite - Statistiques

Statistiques générales
  • Ce quiz a été pris 16 488 fois
  • Le résultat moyen est 7 sur 15
Answers on the Grid
Answers color-coded by a green-red scale on the quiz's grid according to % correct below.
Alabama
Alaska
Alberta
Arkansas
Caroline du Nord
Dakota
Hampshire
Idaho
Iowa
Kansas
Maine
Maryland
Masmachausset
Michigan
Minnesota
Mississouri
Oahio
Ontario
Origan
Porto Rico
Rhode Ireland
Tennessee
Utah
Vermouth
Virginie-Orientale
Williams
Wisconsin
Wyoming
 
Statistiques - réponses
Réponse % Correct
Alabama
90%
Alaska
85%
Caroline du Nord
71%
Arkansas
70%
Idaho
45%
Iowa
45%
Kansas
42%
Maine
37%
Maryland
36%
Michigan
36%
Minnesota
36%
Utah
33%
Tennessee
30%
Wisconsin
30%
Wyoming
28%
Aucun quiz correspondant
Distribution des résultats
% des personnes avec chaque résultat
Percentile par nombre de réponses
Votre historique - résultats
Vous n’avez pas pris ce quiz